| 000 | 00586cam a2200181u 4500 | ||
|---|---|---|---|
| 082 |
_a515 _bWHI _cL-TECH , P-14 |
||
| 100 | 1 |
_aWhittaker, E. T. _939177 |
|
| 245 | 1 | 4 | _aThe calculus of observations; |
| 250 | _a2d ed. | ||
| 260 |
_aLondon and Glasgow, _bBlackie & son limited, _c1929. |
||
| 300 |
_axvi, 395 p. _bfold. tables, diagrs. _c23 cm. |
||
| 526 |
_a0 _b0 _c0 _d515_000000000000000_WHI |
||
| 526 |
_a0 _b0 _c0 _d515_000000000000000_WHI |
||
| 650 | 0 |
_aMCE _9379 |
|
| 650 | 0 |
_aNumerical calculations. _935599 |
|
| 700 | 1 |
_aRobinson, George, [from old catalog] _939178 |
|
| 942 |
_2ddc _cBK |
||
| 999 |
_c543707 _d543707 |
||